Top 10 Largest Countries Quiz - Statistics

General Stats
  • This quiz has been taken 89 times
  • The average score is 9 of 10
Answer Stats
Picture Answer % Correct
Canada
100%
United States
100%
Australia
98%
Brazil
98%
India
98%
China
97%
Russia
97%
Argentina
94%
Algeria
80%
Kazakhstan
74%
No matching quizzes found
Score Distribution
Percent of People with Each Score
Percentile by Number Answered
Your Score History
You have not taken this quiz